OPAC Home

ශ්‍රී නාගිත වජිර ජයන්ති අභිනන්දන කලාපය (Record no. 109202)

MARC details
000 -LEADER
fixed length control field 00654nam a2200193Ia 4500
003 - CONTROL NUMBER IDENTIFIER
control field LK-CoDNM
008 - FIXED-LENGTH DATA ELEMENTS--GENERAL INFORMATION
fixed length control field 010623t1973 xxu||||| |||| 00| 1 sin d
040 ## - CATALOGING SOURCE
Original cataloging agency LK-CoDNM
Modifying agency LK-CoDNM
Description conventions LK-CoDNM
041 ## - LANGUAGE CODE
Language code of text/sound track or separate title Sinhala; Sinhalese
080 ## - UNIVERSAL DECIMAL CLASSIFICATION NUMBER
Universal Decimal Classification number (x) 92
Item number NAG
942 ## - ADDED ENTRY ELEMENTS (KOHA)
Koha item type Books
100 ## - MAIN ENTRY--PERSONAL NAME
Personal name Rev.Amarawansha, Dodanpahala
700 ## - ADDED ENTRY--PERSONAL NAME
Personal name Rev.Dharmasena, Dodanduwe Sri
Relator term editor
245 ## - TITLE STATEMENT
Title ශ්‍රී නාගිත වජිර ජයන්ති අභිනන්දන කලාපය
246 ## - VARYING FORM OF TITLE
Title proper/short title Sri Nagitha Wajira Jayanthi Abhinandana kalapaya
260 ## - PUBLICATION, DISTRIBUTION, ETC. (IMPRINT)
Name of publisher, distributor, etc. Sri Nagitha Wajira Jayanthi Society
Place of publication, distribution, etc. Gonapinuwala
Date of publication, distribution, etc. 1973
300 ## - PHYSICAL DESCRIPTION
Other physical details 28, 22 cm
650 ## - SUBJECT ADDED ENTRY--TOPICAL TERM
Topical term or geographic name as entry element Biography
Holdings
Withdrawn status Lost status Damaged status Not for loan Collection code Permanent Location Current Location Date acquired Full call number Barcode Koha item type
        Monographs Library National Museum Colombo - Sri Lanka Library National Museum Colombo - Sri Lanka 2023-08-02 (x) 92 NAG P3767 Books
Copyright © 2023 Department of National Museum, Colombo 07, Sri Lanka Funded by UNESCO IFAP UNESCO